The king’s new clothes / (Record no. 7144)
[ view plain ]
| 000 -LEADER | |
|---|---|
| fixed length control field | 01612nam a22002657a 4500 |
| 001 - CONTROL NUMBER | |
| control field | 7144 |
| 003 - CONTROL NUMBER IDENTIFIER | |
| control field | FISKH |
| 005 - DATE AND TIME OF LATEST TRANSACTION | |
| control field | 20250630092323.0 |
| 008 - FIXED-LENGTH DATA ELEMENTS--GENERAL INFORMATION | |
| fixed length control field | 250630b cb ||||| |||| 00| 0 eng d |
| 020 ## - INTERNATIONAL STANDARD BOOK NUMBER | |
| International Standard Book Number | 9788956353289 |
| 040 ## - CATALOGING SOURCE | |
| Original cataloging agency | FISKH |
| Language of cataloging | eng |
| Transcribing agency | FISKH |
| Modifying agency | FISKH |
| 050 ## - LIBRARY OF CONGRESS CALL NUMBER | |
| Classification number | PZ7 |
| 082 ## - DEWEY DECIMAL CLASSIFICATION NUMBER | |
| Classification number | 398.2 |
| 100 ## - MAIN ENTRY--PERSONAL NAME | |
| Personal name | Andersen, Hans Christian |
| 245 ## - TITLE STATEMENT | |
| Title | The king’s new clothes / |
| Statement of responsibility, etc. | HC Anderson |
| 260 ## - PUBLICATION, DISTRIBUTION, ETC. | |
| Place of publication, distribution, etc. | Seoul : |
| Name of publisher, distributor, etc. | E-future, |
| Date of publication, distribution, etc. | 2009. |
| 300 ## - PHYSICAL DESCRIPTION | |
| Extent | 18 pages : |
| Other physical details | color illustrations ; |
| Dimensions | 21 cm |
| 505 ## - FORMATTED CONTENTS NOTE | |
| Formatted contents note | G<br/> |
| 520 ## - SUMMARY, ETC. | |
| Summary, etc. | A vain and self-absorbed king cares only about his appearance and spends all his money on fancy clothes. Two cunning swindlers arrive at his court, claiming they can weave a magical fabric that is invisible to anyone who is unfit for their position or foolish. Intrigued, the king commissions them to make a suit.<br/><br/>The tricksters pretend to weave and sew, while in reality, they make nothing at all. Everyone, including the king and his ministers, pretends to see the clothes—afraid to admit they see nothing, lest they appear unworthy or stupid.<br/><br/>The king “wears” the invisible suit in a grand parade through the city. The townspeople also pretend to admire the outfit, until one innocent child speaks the truth and exclaims: “But the king isn’t wearing anything at all!”<br/><br/>Though the king is deeply embarrassed, he continues walking, unwilling to admit he’s been fooled. |
| 521 8# - TARGET AUDIENCE NOTE | |
| Target audience note | 380<br/> |
| Source | Lexile estimate<br/> |
| 521 8# - TARGET AUDIENCE NOTE | |
| Target audience note | G<br/> |
| Source | Raz-Plus<br/> |
| 650 ## - SUBJECT ADDED ENTRY--TOPICAL TERM | |
| Topical term or geographic name entry element | Classic fairy tale |
| Form subdivision | Pride |
| General subdivision | Social pressure |
| Chronological subdivision | Deception |
| 942 ## - ADDED ENTRY ELEMENTS (KOHA) | |
| Source of classification or shelving scheme | Dewey Decimal Classification |
| Koha item type | Books |
| Suppress in OPAC | No |
| Withdrawn status | Lost status | Source of classification or shelving scheme | Damaged status | Not for loan | Collection | Home library | Current library | Shelving location | Date acquired | Total Checkouts | Full call number | Barcode | Date last seen | Copy number | Price effective from | Koha item type |
|---|---|---|---|---|---|---|---|---|---|---|---|---|---|---|---|---|
| Dewey Decimal Classification | Juvenile Fiction | Footprints International School Library Network Toul Kork Campus | Footprints International School Library Network Toul Kork Campus | TK Primary Library Room(4th Floor), Bookcase 1&2, Shelves 1-16, Dark Blue Books | 06/30/2025 | AND 398.2 PZ7 | FISBK02540 | 06/30/2025 | 1 | 06/30/2025 | Books |
